शहीदों की छाया में/ (Record no. 199485)

MARC details
000 -LEADER
fixed length control field 00947nam a22002057a 4500
005 - DATE AND TIME OF LATEST TRANSACTION
control field 20231206123639.0
010 ## - LCCN (DPL NO)
LC control number HIN-126462
020 ## - INTERNATIONAL STANDARD BOOK NUMBER
International Standard Book Number 9789392380211
Terms of availability 550.00
035 ## - SYSTEM CONTROL NUMBER
System control number HN-98808
037 ## - SOURCE OF ACQUISITION
Source of stock number/acquisition DBAD/PUB.
082 ## - DEWEY DECIMAL CLASSIFICATION NUMBER
Classification number 921
100 ## - MAIN ENTRY--PERSONAL NAME
Personal name खत्री,राम कृष्ण
245 ## - TITLE STATEMENT
Title शहीदों की छाया में/
Statement of responsibility, etc राम कृष्ण खत्री;सम्पादक द्वारा सुधीर विधार्थी
250 ## - EDITION STATEMENT
Edition statement 1
260 ## - PUBLICATION, DISTRIBUTION, ETC. (IMPRINT)
Place of publication, distribution, etc दिल्ली
Name of publisher, distributor, etc अनन्य प्रकशन
Date of publication, distribution, etc 2022
270 ## - ADDRESS
Address ई-17, पंचशील गार्डन, नवीन शाहदरा
City दिल्ली
Postal code 110032
300 ## - PHYSICAL DESCRIPTION
Extent 262पृष्ट;
Dimensions 23 सेमी (सजिल्द)
710 ## - ADDED ENTRY--CORPORATE NAME
Corporate name or jurisdiction name as entry element सुधीर विधार्थी
Relator term सम्पादक
9 (RLIN) 59523
942 ## - ADDED ENTRY ELEMENTS (KOHA)
Institution code [OBSOLETE] DPL
Item type Hindi Books
Source of classification or shelving scheme Dewey Decimal Classification
Classification part 921
Call number suffix खत्रीरा
Holdings
Withdrawn status Lost status Not for loan Collection code Home library Current library Date acquired Source of acquisition Cost, normal purchase price Full call number Barcode Copy number Cost, replacement price Koha item type
      Non-fiction Vinoba Puri Vinoba Puri 05/12/2023 DBAD/PUB 550.00 921 खत्रीरा HN-98808 1 550.00 Hindi Books

© Delhi Public Library
Hit Counter
free hit counter